000 00889nam a22002897a 4500
001 BR7804190
003 BR-BrBNA
005 20230928085637.0
007 ta
008 230509b bl.||||| |||| 00| 0 por d
040 _aBR-BrBNA
_bpor
_cBiblioteca Nacional de Agricultura
041 _a(Por)
072 _aE15
_b/G514
090 _ E15 BR7804190
110 1 _aSecretaria de Estado da Agricultura, Curitiba, PR (Brasil). Depto. de Produtividade
_98827
245 1 _aAtuacao do Sistema Estadual de Agricultura no litoral 1975/77 [Estatistica de producao; Parana; Brasil]
260 3 _aCuritiba, PR (Brasil):
_c1978.
300 _a108 p.
500 _a45 tables
650 _aMicroeconomia
650 _aEstatistica de producao
650 _aAssistencia tecnica
650 _aInstituicao agricola
650 _aParana
909 _a202309
_bLucia
_c55
_dLucia Elande
942 _cBK
999 _c25551
_d25551